00886nam a2200205 a 450000500170000000800410001702000180005804100080007604400070008408200190009110000290011024500930013926001020023230000310033450001350036550400410050065000440054165000490058565000460063420130729154005.0120514s2011 gw ab frb 000 0 spa d a9783845490564 aspa agx04a333.716bG993b1 aGuzmán López, Samuel10aBiósfera :bexperiencias de gestión ambiental territorial /cSamuel Guzmán López aSaarbrücken, AlemaniabLAP Lambert Academic Publishing (Editorial Académica Española)c2011 a145 p.bil., mapasc22 cm. aGrupo de investigación Gestión Ambiental Territorial. Facultad de Ciencias Ambientales Universidad Tecnnológica de Pereira, aIncluye referencias bibliográficas17aGestión ambientalzPereira (Colombia)17aPlanificación regionalzPereira (Colombia)17aDesarrollo sosteniblezPereira (Colombia)